| 000 | 00554nam a2200205Ia 4500 | ||
|---|---|---|---|
| 003 | GCL | ||
| 008 | 140319s9999 xx 000 0 eng d | ||
| 040 |
_aGCL / _cGCL |
||
| 082 | 0 | 4 |
_a652.5416 _bG P |
| 100 | 1 | _aGORHAM, KENNTH D | |
| 245 | 1 | 0 |
_aPERSONAL PRODUTIVITY USING WORDPEREFECT 5.1 / _cGORHAM, KENNTH D |
| 260 |
_a[S.N] : _bWM. C. BROWIN COMMUNICATIONS, INC ، _c1994 |
||
| 300 | _a168 PP | ||
| 650 | 0 | 4 | _aPROGRAMMING |
| 650 | 0 | 4 | _aنار |
| 650 | 0 | 4 | _aSAVEADOCUMENT |
| 650 | 0 | 4 | _aWINDOWS |
| 650 | 0 | 4 | _aPRINTING DOCUMENT |
| 942 |
_2ddc _cBK |
||
| 999 |
_c15593 _d15593 |
||